01542 a2200241 4500010001400000020002600014020001800040035001300058037001800071082001200089100001900101245012200120260003800242270008700280300002200367500002000389520071400409650005301123650003601176650004101212700002501253700002201278 aENG-86270 a9780761935582c720.00 a9788178297170 aEN-69803 bD.B.Act / Pub14a658.3011 aChanda, Ashok,10aStrategic human resource technologies :bkeys to managing peoplecAshok Chanda with B. Sivarama Krishna and Jie Shen. aNew DelhibResponse Books,c2007. aB-1/11, Mohan Coperative Industrial Estate, Mathura RoadbNew DelhicDelhie110044 a519 pc23 cm (Hb) aIncludes index. aStrategic HR technologies: a framework -- Thinking in the futuristic HRM -- Strategic HR technologies -- Spectrum I HR technologies for driving business -- Profiting from human resources -- Spectrum II HR technologies for building high-performing individuals and team culture -- Diagnosing the HR scenario -- Understanding the present for the future -- Building one great legendary family -- Spectrum III HR technologies for attracting and retaining talent -- Doing more with less -- Pay for performance -- Essence of competency building -- Spectrum IV HR technologies for rethinking the future -- Responding to the future needs -- Branding of HR technologies -- HR branding -- HR word power -- HR word power. 0aPersonnel managementxTechnological innovations. 0aManagement information systems. 0aStrategic planningxData processing.1 aSivarama Krishna, B.1 aShen, Jie,d1947-